Essentials of investments in the Philippine capital market/ (Record no. 3907)

MARC details
000 -LEADER
fixed length control field 00722nam a22002177a 4500
003 - CONTROL NUMBER IDENTIFIER
control field OSt
005 - DATE AND TIME OF LATEST TRANSACTION
control field 20250730070022.0
008 - FIXED-LENGTH DATA ELEMENTS--GENERAL INFORMATION
fixed length control field 250730b |||||||| |||| 00| 0 eng d
020 ## - INTERNATIONAL STANDARD BOOK NUMBER
International Standard Book Number 971-92221-6-6
040 ## - CATALOGING SOURCE
Original cataloging agency DWCL-Main lib
Transcribing agency OC
082 ## - DEWEY DECIMAL CLASSIFICATION NUMBER
Classification number Fil. 332.6 Es78 2004
100 ## - MAIN ENTRY--PERSONAL NAME
Personal name Santos, Rhoderick R.
245 ## - TITLE STATEMENT
Title Essentials of investments in the Philippine capital market/
Statement of responsibility, etc. Rhoderick R. Santos
250 ## - EDITION STATEMENT
Edition statement Insider edition
260 ## - PUBLICATION, DISTRIBUTION, ETC.
Place of publication, distribution, etc. Las PiƱas City :
Name of publisher, distributor, etc. Southville International School and Colleges,
Date of publication, distribution, etc. c2004
300 ## - PHYSICAL DESCRIPTION
Extent 611 p. ;
Dimensions 23 cm.
504 ## - BIBLIOGRAPHY, ETC. NOTE
Bibliography, etc. note Includes bibliographical references and index.
650 ## - SUBJECT ADDED ENTRY--TOPICAL TERM
Topical term or geographic name entry element 1. Investments.
700 ## - ADDED ENTRY--PERSONAL NAME
Personal name {ET AL]
942 ## - ADDED ENTRY ELEMENTS (KOHA)
Source of classification or shelving scheme Dewey Decimal Classification
Koha item type Book-Filipiniana
Edition Insider edition
Call number prefix Fil.
Suppress in OPAC No
952 ## - LOCATION AND ITEM INFORMATION (KOHA)
--
Holdings
Withdrawn status Lost status Source of classification or shelving scheme Damaged status Not for loan Home library Current library Shelving location Date acquired Source of acquisition Total Checkouts Full call number Barcode Date last seen Copy number Price effective from Koha item type Uniform Resource Identifier
    Dewey Decimal Classification     College Library College Library Filipiniana 01/06/2016 Donation   Fil. 332.6 Es78 2004 51301 07/30/2025 c1 07/30/2025 BK - FIL